MLB The Show Covers All Versions - Statistics

General Stats
  • This quiz has been taken 169 times
  • The average score is 12 of 29
Answer Stats
Game Position Team Answer % Correct
MLB 06: The Show (US) 1B/DH BOS David Ortiz
90%
MLB The Show 18 (US) RF NYY Aaron Judge
77%
MLB 10: The Show C MIN Joe Mauer
70%
MLB 11: The Show C MIN Joe Mauer
70%
MLB The Show 16 (US) 3B TOR Josh Donaldson
66%
MLB 07: The Show 3B NYM David Wright
62%
MLB 09: The Show 2B BOS Dustin Pedroia
59%
MLB 13: The Show (US) CF PIT Andrew McCutchen
57%
MLB 14: The Show (US) 1B DET Miguel Cabrera
57%
MLB The Show 17 (US) CF SEA Ken Griffey Jr.
54%
MLB 15: The Show (US) RF LAD Yasiel Puig
53%
MLB 12: The Show (CAN) RF TOR Jose Bautista
52%
MLB 13: The Show (CAN) RF TOR Jose Bautista
52%
MLB 08: The Show 2B PHI Ryan Howard
44%
MLB 15: The Show (CAN) C TOR Russell Martin
41%
MLB The Show 18 (CAN) SP TOR Marcus Stroman
36%
MLB 12: The Show (US) 1B BOS Adrian Gonzalez
32%
MLB 14: The Show (KOR) RF TEX Shin-Soo Choo
28%
MLB 15: The Show (KOR) RF TEX Shin-soo Choo
28%
MLB 13: The Show (Taiwan) SP BAL Wei-Yin Chen
17%
MLB 14: The Show (Taiwan) SP BAL Wei-Yin Chen
17%
MLB 15: The Show (Taiwan) SP BAL Wei-Yin Chen
17%
MLB The Show 16 (Taiwan) SP MIA Wei-Yin Chen
17%
MLB The Show 17 (Taiwan) SP MIA Wei-Yin Chen
17%
MLB The Show 17 (CAN) SP TOR Aaron Sanchez
14%
MLB The Show 16 (KOR) 3B PIT Jung-ho Kang
13%
MLB 14: The Show (CAN) 3B TOR Brett Lawrie
10%
MLB The Show 17 (KOR) LF BAL Hyun-soo Kim
9%
MLB 06: The Show (KOR) SP SDP Chan-Ho Park
8%
No matching quizzes found
Score Distribution
Percent of People with Each Score
Percentile by Number Answered
Your Score History
You have not taken this quiz